Declaración de impacto ambiental: Proyecto South Pacific Abalone en Las Cruces
Guardat en:
| Autor corporatiu: | , |
|---|---|
| Format: | Llibre |
| Idioma: | espanyol |
| Publicat: |
Santiago, Chile
South Pacific Abalone S.A
2004
Santiago, Chile Gestión Ambiental Consultores 2004 |
| Matèries: | |
| Etiquetes: |
Afegir etiqueta
Sense etiquetes, Sigues el primer a etiquetar aquest registre!
|
MARC
| LEADER | 00000nam a2200000 a 4500 | ||
|---|---|---|---|
| 001 | UCK4801 | ||
| 003 | CL-VaPUC | ||
| 005 | 20250430115755.0 | ||
| 008 | 050624e20040000cl |||||||||||||||||spa|d | ||
| 999 | |c 313545 |d 313543 | ||
| 040 | |c Pontificia Universidad Católica de Valparaíso | ||
| 082 | 0 | 4 | |a 363.731 GES 2004 |2 21 |
| 110 | 2 | |a Gestión Ambiental Consultores |9 493401 | |
| 245 | 1 | 0 | |a Declaración de impacto ambiental: Proyecto South Pacific Abalone en Las Cruces |
| 260 | 0 | 3 | |a Santiago, Chile |b South Pacific Abalone S.A |c 2004 |
| 260 | 0 | 3 | |a Santiago, Chile |b Gestión Ambiental Consultores |c 2004 |
| 300 | |a paginación irregular | ||
| 500 | |a Incluye planos | ||
| 583 | |a last modification |c 20171213 05:15:33 |k Rodrigo Vera | ||
| 650 | 0 | |a Impacto ambiental |9 262796 | |
| 650 | 0 | |a Abalón |9 493377 | |
| 650 | 7 | |a CONTAMINACION MARINA |2 CL-VaPUC |9 493403 | |
| 650 | 7 | |a CULTIVO DEL ABALON |2 CL-VaPUC |9 493404 | |
| 650 | 0 | |a Protección del medio ambiente |9 257626 | |
| 650 | 0 | |a Responsabilidad social |9 339076 | |
| 651 | 0 | |a San Antonio (Valparaíso), Chile |z CHILE |9 359835 | |
| 710 | 2 | |a SPASA |9 493402 | |
| 942 | |c BK |2 ddc | ||
| 945 | |d 20050624 00:00:00 |a cmena | ||
| 952 | |0 0 |1 0 |2 ddc |4 0 |6 363_731000000000000_GES_2004 |7 0 |8 A |9 384955 |a BIBING |b BIBING |d 2019-11-22 |i 4137388 |o 363.731 GES 2004 |p 4137388 |r 2025-01-20 |t 1 |w 2019-11-22 |y BK |k CCL | ||